| 000 | 00539cam a2200145 4500 | ||
|---|---|---|---|
| 100 | 1 |
_aFreytag-Loringhoven, Hugo Friedrich Philipp Johann, _949408 |
|
| 245 | 1 | 0 |
_aDeductions from the world war, _cby Lieutenant-General Baron von Freytag-Loringhoven. |
| 260 |
_aLondon, _bConstable and Company limited _c[1918] |
||
| 300 |
_aviii, 176 p. _c19 cm. |
||
| 500 | _aSequel: A nation trained in arms or a militia? ... | ||
| 526 |
_a0 _b0 _c0 _d940_400000000000000_RFE |
||
| 650 | 0 | _aWar. | |
| 650 | 0 |
_aWorld War, 1914-1918. _928173 |
|
| 942 |
_2ddc _cBK |
||
| 999 |
_c552192 _d552192 |
||